| 000 | 01134naa a22003137a 4500 | ||
|---|---|---|---|
| 001 | BR6500316 | ||
| 003 | BR-BrBNA | ||
| 005 | 20240918173300.0 | ||
| 007 | ta | ||
| 008 | 230509b bl.||||| |||| 00| 0 por d | ||
| 040 |
_aBR-BrBNA _bpor _cBiblioteca Nacional de Agricultura |
||
| 041 | _a(Pt) | ||
| 072 |
_aH60 _b3876 |
||
| 090 | _aH60 BR6500316 | ||
| 100 | 1 | _aBunning, B. | |
| 100 | 1 | _aGuilbert, L. | |
| 100 | 1 | _aMonteiro, M.V. de M. | |
| 100 | 1 | _aSilva, J.A. | |
| 111 | 1 |
_a9. Congresso Internacional de Pastagens _cSao Paulo, SP (Brazil) _d7-20 Jan 1965 |
|
| 245 | 1 | _aNotas preliminares sobre o controle do leiteiro (Tabernaemontana Fuchsiaefolia D.C.)com novo herbicida | |
| 260 | 3 |
_aSao Paulo, SP (Brasil): _c1965. |
|
| 500 | _aAnais do 9. Congresso Internacional de Pastagens. V. 2 Sao Paulo, SP (Brasil): 1965. p. 1239-1242 (BR6500316-AM)H60 | ||
| 650 | _aLEITEIRO | ||
| 650 | _aERRADICACAO | ||
| 650 | _aHERBICIDA | ||
| 773 | 0 |
_tAnais do 9. Congresso Internacional de Pastagens. V. 2 _wH60 BR6500316 _gSao Paulo, SP (Brasil), 1965. p. 1239-1242 |
|
| 909 |
_a202404 _bLucia _c55 _dLucia Elande |
||
| 942 |
_cAM _2AGRIS |
||
| 999 |
_c303749 _d303749 |
||